| 000 | 00356nam a22001097a 4500 | ||
|---|---|---|---|
| 008 | 230606b xxu||||| |||| 00| 0 eng d | ||
| 082 |
_a337.167 _bEAC |
||
| 245 |
_aReport of the Committee on Fast Tracking East African Federation _cEast African Community |
||
| 260 |
_aArusha, Tanzania _bEast African Community _cNovember 2004 |
||
| 300 | _a378 p | ||
| 942 |
_2ddc _cBK |
||
| 999 |
_c625 _d625 |
||